| 000 | 00356nam a22001451a 4500 | ||
|---|---|---|---|
| 082 |
_aM3 _bKOV/H |
||
| 100 | _aKovilan | ||
| 245 |
_aHimalayan/ _cby Kovilan |
||
| 260 |
_aKottayam: _bSahitya Pravartaka Co-operative Society, _c1998. |
||
| 300 | _a119p. | ||
| 650 | _aNovel Malayalam | ||
| 650 | _aLiterature Malayalam | ||
| 650 | _aLiterature | ||
| 942 | _cBK | ||
| 999 |
_c17416 _d17416 |
||